Statistics for Cities Served by TAP Air Portugal

Click here to take the quiz!

General Stats

  • This quiz has been taken 124 times
  • The average score is 58 of 94

Answer Stats

Cities% Correct
London
95%
Madrid
95%
Porto
95%
New York City
91%
Amsterdam
90%
Barcelona
90%
Lisbon
90%
Zürich
90%
Frankfurt
89%
Paris
89%
Rome
89%
Berlin
87%
Brussels
87%
Dublin
85%
Manchester
85%
Münich
85%
Stockholm
84%
Faro
83%
Milan
83%
Rio de Janeiro
83%
São Paulo
83%
Geneva
82%
Oslo
82%
Lyon
79%
Moscow
79%
Miami
78%
Vienna
78%
Copenhagen
76%
Helsinki
76%
Warsaw
76%
Casablanca
75%
Nice
75%
Boston
74%
Hamburg
74%
Budapest
71%
Seville
71%
Toronto
71%
Funchal
70%
Marseille
70%
Prague
69%
Valencia
69%
Naples
68%
Venice
67%
Washington D.C.
67%
Brasília
66%
Düsseldorf
64%
Luanda
64%
Málaga
64%
Chicago
61%
Cologne/Bonn
61%
Montréal
61%
Stuttgart
61%
Bordeaux
60%
Sal
59%
Tel Aviv
59%
Bilbao
57%
Maputo
56%
Toulouse
56%
Algiers
55%
Alicante
55%
Marrakesh
55%
Ponta Delgada
55%
Fortaleza
54%
Recife
53%
Belém
51%
Luxembourg
51%
Basel/Mulhouse/Freiburg
49%
Florence
49%
Praia
49%
Belo Horizonte
48%
Dakar
48%
San Francisco
48%
Nantes
47%
Newark
44%
Bologna
43%
Porto Alegre
43%
Salvador
43%
Accra
40%
Caracas
40%
Natal
39%
São Tomé
37%
Cape Town
34%
Abidjan
33%
Las Palmas
33%
Bissau
32%
Tangier
32%
Terceira
30%
Conakry
20%
Porto Santo
20%
Boa Vista
18%
Maceió
17%
Banjul
11%
Asturias
9%
São Vicente
9%

Score Distribution

Percentile by Number Answered

Percent of People with Each Score

Your Score History

You have not taken this quiz